000 01228nam a22003377a 4500
003 CHAP
005 20220329134738.0
008 971013s1976 r 00010 d
010 _a25193
011 _a26165
035 _a30265
040 _cCHAP
082 _a371.33
_bB78Ym
100 0 0 _aBrown, James W.
_915664
245 _aInstrución audiovisual ; tecnología, medios y métodos ; manual de ejercicios intensivos
260 _aMéxico, D. F. :
_bTrillas,
_c1976
300 _a179 p.
_b: ilus.
590 _aBATCH-UPD
_b10
_c20130109
_lUCH01
_h2349
590 _aBATCH-UPD
_b10
_c20130110
_lUCH01
_h1013
590 _aBATCH-UPD
_b10
_c20130410
_lUCH01
_h0620
590 _aBATCH-UPD
_b10
_c20130914
_lUCH01
_h1243
590 _aCONVERSION
_b10
_c20130109
_lUCH01
_h1315
650 1 4 _aEducación audiovisual.
_935558
700 0 _aLewis, Richard B.
_966542
901 _aBK
942 _cLIBRO
949 _a371.33 B78Ym
_bBC
_cLIBRO
_d33724000152583
_eLIBRO
_fc.3
_h38903
_i30265
_si
949 _a371.33 B78Ym
_bBC
_cLIBRO
_d33724000152591
_eLIBRO
_fc.4
_h38904
_i30265
_si
949 _a371.33 B78Ym
_bBC
_cLIBRO
_d33724000152609
_eLIBRO
_fc.6
_h38906
_i30265
_si
949 _a371.33 B78Ym
_bBC
_cLIBRO
_d33724000152617
_eLIBRO
_h38901
_i30265
_si
999 _c25193
_d25193